Z czego słynie Polska - Statystyki

Ogólne statystyki
  • Ten quiz został rozwiązany 50 razy
  • Średni wynik to 5 z 20
Statystyki odpowiedzi
? % Poprawnych
Pierogi
96%
Warszawa
70%
Kraków
53%
Bigos
47%
Robert Lewandowski
30%
Jan Pawel 2
26%
Żurek
21%
Tatry
19%
Siatkówka
15%
Lech Wałęsa
13%
Żubr
13%
Fryderyk Chopin
11%
Bałtyk
9%
Skoki narciarskie
9%
Wawel
9%
Mazury
6%
Polonez
6%
Oscypek
4%
Solidarność
4%
Wiedźmin
2%
Nie znaleziono quizów pasujących do podanych kryteriów
Rozkład punktacji
Procent ludzi z każdym wynikiem
Percentyl według liczby udzielonych odpowiedzi
Twoja historia wyników
Nie rozwiązałeś tego quizu